000 00964nam a22002297a 4500
008 081105t xxu||||| |||| 00| 0 eng d
010 _aENG-91514
020 _a8190084860
_c190.00
035 _aEN-75047
037 _bDBAD / PUB
040 _adpl
_bEnglish
100 _aKarpagam, R.
245 _aTheni-a socio-cultural and political history /
_cby R. Karpagam
260 _aChennai
_bPrabhu Publishers
_c2008
270 _aD-57, Syndicate Residency, No. 36, Dr. Thomas Road, T. Nagar,
_bChennai
_e600017
300 _aiii, 127, viiip.
_bb&w photos
_c20cm (pbk)
650 _aNationalism
_zIndia
_zTamil Nadu
_zTheni (District)
651 _aTheni (India)
_xHistory
651 _aTheni (India)
_xPolitics and government
942 _2ddc
_cEN
_mKAR
_h320.95431
999 _c18027
_d18027